000 00348 a2200145 4500
001 156058
040 _cEscola São Tomás de Aquino
100 _aNICOLELIS, Giselda Laporta
240 1 0 _aUm dono para Buscapé
_lpor
245 1 0 _aUm dono para Buscapé
300 _a95
362 0 _a2002
697 _a*LITERATURA INFANTO JUVENIL
942 _cBK
999 _c156058
_d156058